Deutsche Regionen - Statistiken

Allgemein
  • Dieses Quiz wurde 97 mal gespielt
  • Das Durchschnittsergebnis liegt bei 11 aus 20
Antwortstatistiken
Beschreibung Lage Region % Korrekt
Dicht bewaldetes Mittelgebirge mit Kuckucksuhren, Bollenhüten und Wanderwegen Süddeutschland Schwarzwald
94%
Märchenhaftes Gebirge mit Hexensagen und dem Brocken als höchstem Berg Nord-/Ostdeutschland Harz
84%
Plattes Land mit Tee, Windmühlen und einer rauen Nordsee Norddeutschland Ostfriesland
82%
Vulkanisch geprägtes Mittelgebirge zwischen Aachen und Trier Westdeutschland Eifel
80%
Alpenvorland mit Bergen, Kühen, Märchenschlössern und viel Tourismus Süddeutschland Allgäu
79%
Weite Heideflächen, Heidschnucken und lila Blüten im Spätsommer Norddeutschland Lüneburger Heide
79%
Historische Region in Nordbayern mit eigener Identität und Weinbau Süddeutschland Franken
75%
Mittelgebirge mit Wintersport, Seen und viel Natur in NRW Westdeutschland Sauerland
68%
Zweisprachige Region mit sorbischer Kultur und Braunkohlevergangenheit Ostdeutschland Lausitz
59%
Kulturell eigenständige Region im Süden; "Ländle" Süddeutschland Schwaben
59%
Wasserreichstes Gebiet Deutschlands mit vielen Seen und Kanälen Ostdeutschland Mecklenburgische Seenplatte
58%
Nordsee-Küstenregion mit Halligen, Deichen und friesischer Kultur Norddeutschland Nordfriesland
54%
Grünes Mittelgebirge nahe Frankfurt, beliebt für Naherholung Westdeutschland Taunus
53%
Südwestregion, bekannt durch Wälder und als Weinanbauregion Westdeutschland Pfalz
52%
Norddeutsches Obstanbaugebiet bei Hamburg mit Fachwerkhöfen Norddeutschland Altes Land
41%
Ostseegeprägte Landschaft mit Inseln wie Usedom und Rügen Ostdeutschland Vorpommern
36%
Sanftes Hügelland entlang der Weser mit Fachwerk und Sagen Nord-/Westdeutschland Weserbergland
26%
Zwischen Sachsen, Thüringen und Bayern gelegen, bekannt für Instrumentenbau Ostdeutschland Vogtland
22%
Norddeutsche Region zwischen Elbe und Ostsee mit Marschland, Seen und ländlicher Kultur Norddeutschland Holstein
16%
Sandige Hügelregion südwestlich von Berlin mit märkischer Idylle Ostdeutschland Fläming
12%
Keine übereinstimmenden Quizze gefunden
Verteilung der Resultate
Anzahl Personen mit jedem Resultat
Perzentil nach korrekt beantworteten Fragen
Ihre Resultats-Entwicklung
Sie haben dieses Quiz noch nicht gespielt